| 000 | 00533nam a22001937a 4500 | ||
|---|---|---|---|
| 003 | KOHA_MİRAKIL | ||
| 005 | 20251021161727.0 | ||
| 008 | 251021b tu ||||| |||| 00| 0 tur d | ||
| 020 | _a9789750846359 | ||
| 040 |
_aTR-AnABB _btur _cTR-AnABB |
||
| 041 | _atur | ||
| 082 |
_a813.42 _bUMI 2022 |
||
| 100 | 1 | _aÜmit, Ahmet, | |
| 245 | 1 | 0 |
_aKar kokusu / _cAhmet Ümit |
| 260 |
_aİstanbul : _bYapı Kredi Kültür Yayınları, _c2022 |
||
| 300 |
_a294 sayfa ; _c22 cm |
||
| 650 | 0 | 4 | _aTürk edebiyatı, roman |
| 942 |
_2ddc _cBK |
||
| 999 |
_c9173 _d9173 |
||
| 900 | _bGizem YORULMAZ | ||